A quick-fix solution in volatile times (Record no. 80917)

MARC details
000 -LEADER
fixed length control field 01097cab a22002295a 4500
001 - CONTROL NUMBER
control field L145647
008 - FIXED-LENGTH DATA ELEMENTS--GENERAL INFORMATION
fixed length control field 081028e20081025xxka f g 000 0 eng d
035 ## - SYSTEM CONTROL NUMBER
System control number (Sirsi) u145647
041 0# - LANGUAGE CODE
Language code of text/sound track or separate title eng
100 1# - MAIN ENTRY--PERSONAL NAME
Personal name Hartley, Simon
245 02 - TITLE STATEMENT
Title A quick-fix solution in volatile times
260 ## - PUBLICATION, DISTRIBUTION, ETC.
Date of publication, distribution, etc. 2008
490 ## - SERIES STATEMENT
Series statement Estates Gazette
Volume/sequential designation (0842) 25 October 2008, 162-163(2)
520 ## - SUMMARY, ETC.
Summary, etc. Article on insolvency looks at the concept of pre-packs as a form of administration, whereby a purchaser for a business is found in advance of administration and takes over as soon as an administrator is appointed. These pre-packs allow for a debt-free sale of a business, but have been criticised as it can be hard for creditors to pursue reparations. Provides a table comparing pre-packs and traditional administration and looks at case studies.
590 ## - LOCAL NOTE (RLIN)
Local note KA
650 24 - SUBJECT ADDED ENTRY--TOPICAL TERM
Topical term or geographic name entry element RE DKLL SOLICITORS V COMMISSIONERS OF REVENUE & CUSTOMS
650 24 - SUBJECT ADDED ENTRY--TOPICAL TERM
Topical term or geographic name entry element RE TRANSBUS INTERNATIONAL LTD (IN LIQUIDATION)
651 #4 - SUBJECT ADDED ENTRY--GEOGRAPHIC NAME
Geographic name United Kingdom
Chronological subdivision
690 ## - LOCAL SUBJECT ADDED ENTRY--TOPICAL TERM (OCLC, RLIN)
Topical term or geographic name as entry element MANAGEMENT-CORPORATE RECOVERY
700 1# - ADDED ENTRY--PERSONAL NAME
Personal name Shah, Devi
942 ## - ADDED ENTRY ELEMENTS (KOHA)
Suppress in OPAC 0
Holdings
Withdrawn status Lost status Source of classification or shelving scheme Damaged status Not for loan Home library Current library Shelving location Date acquired Total Checkouts Full call number Barcode Date last seen Copy number Price effective from Koha item type
    Dewey Decimal Classification     London London Journal article 28/10/2008   L145647 145647-1001 06/08/2019 1 06/08/2019 Journal article